[Event "Plzen, FSB A"]
[Site "?"]
[Date "2000.??.??"]
[Round "4"]
[White "Kuklin, V."]
[Black "Mirumian, V."]
[Result "1/2-1/2"]
[WhiteElo "2170"]
[BlackElo "2555"]
[PlyCount "98"]
[EventDate "2000.??.??"]
[Source "ChessBase"]
[SourceDate "1996.11.15"]

1. e4 c5 2. Nc3 d6 3. g3 Nc6 4. Bg2 g6 5. d3 Bg7 6. Be3 Nf6 7. h3 O-O 8. Nge2
Rb8 9. f4 Nd7 10. O-O b5 11. Qd2 b4 12. Nd1 a5 13. f5 c4 14. Bh6 cxd3 15. cxd3
Nd4 16. Bxg7 Nxe2+ 17. Qxe2 Kxg7 18. Ne3 Ba6 19. Nd5 e6 20. fxe6 fxe6 21. Nf4
Re8 22. Rac1 e5 23. Nd5 Nc5 24. Qe3 Bb7 25. d4 Nd7 26. Nc7 Re7 27. d5 Nc5 28.
Rxc5 dxc5 29. Ne6+ Rxe6 30. dxe6 Qd4 31. Rf7+ Kg8 32. Qxd4 cxd4 33. Bf1 Bc6 34.
Bc4 Bb5 35. Bd5 d3 36. e7 Re8 37. Rf8+ Kg7 38. Rxe8 Bxe8 39. Kf2 Kf6 40. Ke3
Kxe7 41. Kxd3 Kd6 42. Kc4 g5 43. h4 h6 44. hxg5 hxg5 45. a3 bxa3 46. bxa3 Bd7
47. Ba8 Ba4 48. Bd5 Be8 49. Ba8 Bd7 1/2-1/2

[Event "Plzen, FSB A"]
[Site "?"]
[Date "2000.??.??"]
[Round "4"]
[White "Gross, D."]
[Black "Weiss, O."]
[Result "1-0"]
[WhiteElo "2465"]
[BlackElo "2140"]
[PlyCount "101"]
[EventDate "2000.??.??"]
[Source "ChessBase"]
[SourceDate "1996.11.15"]

1. e4 e6 2. d4 d5 3. Nc3 Bb4 4. e5 c5 5. a3 Bxc3+ 6. bxc3 Nc6 7. Qg4 g6 8. Nf3
Qa5 9. Bd2 Qa4 10. Kd1 c4 11. h4 h6 12. Nh2 Nce7 13. Qf3 Bd7 14. Ng4 Nf5 15.
Nf6+ Nxf6 16. exf6 Nd6 17. g4 Bc6 18. Qe3 Ne4 19. f3 Nxd2 20. Kxd2 O-O-O 21.
Bh3 Qa5 22. Qe5 h5 23. g5 Qc7 24. Rhe1 Qxe5 25. Rxe5 Kc7 26. f4 Rhe8 27. Rae1
Ba4 28. Bg2 Bd7 29. f5 gxf5 30. Bf3 Rh8 31. Ke3 Kc6 32. Kf4 Rdg8 33. Rg1 Rg6
34. Rb1 Rgg8 35. Ree1 Kc7 36. Ke5 Bc6 37. Rg1 Rg6 38. Rb2 b6 39. Rgb1 Rgg8 40.
Rb4 b5 41. Rxb5 Bxb5 42. Rxb5 Kc6 43. Rc5+ Kb6 44. a4 a6 45. a5+ Kb7 46. Rxc4
Rc8 47. Rxc8 Rxc8 48. Bxh5 Rxc3 49. Bxf7 Re3+ 50. Kf4 Re4+ 51. Kf3 1-0

[Event "Plzen, FSB A"]
[Site "?"]
[Date "2000.??.??"]
[Round "4"]
[White "Hrbolka jr., L."]
[Black "Volosin, L."]
[Result "1/2-1/2"]
[WhiteElo "2165"]
[BlackElo "2455"]
[PlyCount "49"]
[EventDate "2000.??.??"]
[Source "ChessBase"]
[SourceDate "1996.11.15"]

1. e4 c5 2. Nf3 e6 3. d4 cxd4 4. Nxd4 a6 5. Bd3 Bc5 6. Nb3 Ba7 7. O-O Nc6 8.
Qe2 d6 9. Be3 Nge7 10. N1d2 e5 11. Bxa7 Rxa7 12. Nc4 Be6 13. Rfd1 O-O 14. c3
Qc7 15. Ne3 b5 16. c4 b4 17. Nd5 Qb8 18. Rac1 a5 19. c5 a4 20. cxd6 Nxd5 21.
exd5 Bxd5 22. Nc5 Qxd6 23. Bxh7+ Kxh7 24. Qd3+ Kg8 25. Qxd5 1/2-1/2

[Event "Plzen, FSB A"]
[Site "?"]
[Date "2000.??.??"]
[Round "4"]
[White "Dolezal jr., R."]
[Black "Reitinger, P."]
[Result "1-0"]
[WhiteElo "2355"]
[BlackElo "2120"]
[PlyCount "83"]
[EventDate "2000.??.??"]
[Source "ChessBase"]
[SourceDate "1996.11.15"]

1. e4 Nf6 2. e5 Nd5 3. d4 d6 4. Nf3 Bg4 5. h3 Bh5 6. Bg5 h6 7. Bh4 g5 8. g4 Bg6
9. Bg3 e6 10. Bd3 Bxd3 11. Qxd3 Qd7 12. Nbd2 Nc6 13. a3 dxe5 14. dxe5 O-O-O 15.
O-O-O Bg7 16. Qe4 Qe7 17. h4 f6 18. Rhe1 Rde8 19. Nb3 Rhf8 20. hxg5 fxg5 21.
Nfd4 Nxd4 22. Qxd4 Nb6 23. Qe4 Rd8 24. c4 Nd7 25. Nd4 Nc5 26. Qe3 a5 27. b4
axb4 28. axb4 Na6 29. b5 Nb8 30. Kc2 Qb4 31. Qc3 Qxc3+ 32. Kxc3 Rde8 33. Ra1
Rf7 34. c5 Bf8 35. Kc4 Rd7 36. Ra8 Rd5 37. Nxe6 Rd2 38. Nxf8 Rxf8 39. e6 Re8
40. Be5 Rxf2 41. b6 Rc2+ 42. Kb4 1-0

[Event "Plzen, FSB A"]
[Site "?"]
[Date "2000.??.??"]
[Round "4"]
[White "Birkenmaier, R."]
[Black "Gross, G."]
[Result "0-1"]
[WhiteElo "2150"]
[BlackElo "2350"]
[PlyCount "71"]
[EventDate "2000.??.??"]
[Source "ChessBase"]
[SourceDate "1996.11.15"]

1. d4 Nc6 2. Nf3 d5 3. e3 Bg4 4. Nbd2 e6 5. c4 Nf6 6. cxd5 exd5 7. Qb3 Bd6 8.
Bb5 O-O 9. Bxc6 bxc6 10. O-O c5 11. dxc5 Bxc5 12. Qc2 Bb6 13. b3 c5 14. Bb2 Bh5
15. Be5 Nd7 16. Bg3 Qf6 17. Qd3 Qc6 18. e4 dxe4 19. Qxe4 Qxe4 20. Nxe4 f5 21.
Ned2 f4 22. Bh4 h6 23. Be7 Rfe8 24. Rfe1 Ba5 25. Re4 Bxf3 26. Nxf3 Kf7 27. Ra4
Bc7 28. Bh4 g5 29. Nxg5+ hxg5 30. Bxg5 Nb6 31. Ra5 Bd6 32. Rd1 Re4 33. h4 Ke6
34. Ra6 Rd4 35. Rxd4 cxd4 36. a4 0-1

[Event "Plzen, FSB A"]
[Site "?"]
[Date "2000.??.??"]
[Round "4"]
[White "Glienke, M."]
[Black "Kriz, L."]
[Result "1-0"]
[WhiteElo "2345"]
[BlackElo "2130"]
[PlyCount "109"]
[EventDate "2000.??.??"]
[Source "ChessBase"]
[SourceDate "1996.11.15"]

1. d4 Nf6 2. Nf3 d5 3. c4 e6 4. Nc3 Bb4 5. Bg5 Nbd7 6. Qb3 Bxc3+ 7. bxc3 O-O 8.
e3 c6 9. Bd3 Qa5 10. O-O Re8 11. Bh4 Ne4 12. Qb4 Qxb4 13. cxb4 Nf8 14. Rfc1 Ng6
15. Bg3 Nxg3 16. hxg3 e5 17. Bxg6 hxg6 18. Nxe5 dxc4 19. Nxc4 Be6 20. Rab1 Re7
21. a3 a6 22. Nb6 Rd8 23. Rc3 g5 24. f3 g4 25. Kf2 gxf3 26. gxf3 f5 27. Rh1 Kf7
28. Rc5 Kg6 29. Re5 Ree8 30. Na4 Rd5 31. Rxd5 cxd5 32. Nc5 Bc8 33. Nd3 Be6 34.
Rc1 Re7 35. Ne5+ Kf6 36. g4 g6 37. Kg3 Rh7 38. Nd3 fxg4 39. fxg4 Kg5 40. Nf2
Re7 41. e4 dxe4 42. Rc5+ Bf5 43. Nh3+ Kf6 44. gxf5 gxf5 45. Kf4 e3 46. Rxf5+
Kg6 47. Rg5+ Kf6 48. Rg1 Rh7 49. Ng5 Rh2 50. Ne4+ Ke6 51. Kxe3 Ra2 52. d5+ Kf7
53. Nd6+ Kf6 54. Kd4 Rxa3 55. Nxb7 1-0

[Event "Plzen, FSB A"]
[Site "?"]
[Date "2000.??.??"]
[Round "4"]
[White "Vyskocil, N."]
[Black "Krejcik, J."]
[Result "1-0"]
[WhiteElo "2330"]
[BlackElo "2080"]
[PlyCount "63"]
[EventDate "2000.??.??"]
[Source "ChessBase"]
[SourceDate "1996.11.15"]

1. e4 e5 2. Nf3 Nf6 3. Nxe5 d6 4. Nf3 Nxe4 5. c4 Be7 6. Nc3 Nf6 7. d4 d5 8.
cxd5 Nxd5 9. Bc4 Nb6 10. Bb3 O-O 11. h3 c5 12. O-O c4 13. Bc2 Be6 14. Ne5 N8d7
15. Qf3 Nxe5 16. dxe5 Qc7 17. Bf4 Rfd8 18. Be4 Rd7 19. a4 Rad8 20. a5 Nc8 21.
Bc2 Qc6 22. Qg3 b5 23. Ne4 Kh8 24. Ng5 h6 25. Be4 Bd5 26. Nxf7+ Kg8 27. Nxd8
Bxd8 28. Bxd5+ Rxd5 29. Rad1 Rxd1 30. Rxd1 Bxa5 31. Qg4 Bb4 32. Rd8+ 1-0

[Event "Plzen, FSB A"]
[Site "?"]
[Date "2000.??.??"]
[Round "4"]
[White "Michalek, J."]
[Black "Balin, K."]
[Result "1-0"]
[WhiteElo "2320"]
[BlackElo "2065"]
[PlyCount "47"]
[EventDate "2000.??.??"]
[Source "ChessBase"]
[SourceDate "1996.11.15"]

1. e4 d5 2. exd5 Nf6 3. Bb5+ Bd7 4. Be2 Nxd5 5. d4 g6 6. c4 Nb6 7. Nc3 Bg7 8.
h3 Bf5 9. Be3 O-O 10. Nf3 Nc6 11. Qd2 e5 12. d5 Na5 13. b3 c6 14. g4 Bc8 15.
Rd1 cxd5 16. cxd5 Bd7 17. Ne4 f5 18. gxf5 gxf5 19. Rg1 fxe4 20. Bh6 exf3 21.
Bxg7 Kf7 22. Bxf3 Qh4 23. Rg5 Qf4 24. Bh5+ 1-0

[Event "Plzen, FSB A"]
[Site "?"]
[Date "2000.??.??"]
[Round "4"]
[White "Schauer, J."]
[Black "Hadraba, V."]
[Result "0-1"]
[WhiteElo "2140"]
[BlackElo "2240"]
[PlyCount "104"]
[EventDate "2000.??.??"]
[Source "ChessBase"]
[SourceDate "1996.11.15"]

1. e4 c5 2. Nf3 e6 3. d4 cxd4 4. Nxd4 a6 5. g3 Nf6 6. Bg2 d6 7. O-O Be7 8. c4
O-O 9. Nc3 Qc7 10. Qe2 Nbd7 11. b3 Rb8 12. Bb2 Re8 13. Rac1 Bf8 14. Kh1 b6 15.
f4 Bb7 16. g4 h6 17. h4 e5 18. Nf5 exf4 19. g5 hxg5 20. hxg5 Nh7 21. Rxf4 Qd8
22. Rg1 Ne5 23. Rh4 Ng6 24. Rh2 Qxg5 25. Bf3 Qxf5 26. exf5 Rxe2 27. Bxb7 Rxh2+
28. Kxh2 Rxb7 29. fxg6 fxg6 30. Rxg6 Nf6 31. Rg2 Kf7 32. Kg3 b5 33. cxb5 axb5
34. a4 bxa4 35. bxa4 d5 36. Nb5 Ne4+ 37. Kf4 Nc5 38. Ke3 Ne6 39. Be5 Bc5+ 40.
Kd3 g5 41. Bd6 Rxb5 42. axb5 Bxd6 43. Rb2 g4 44. b6 g3 45. Ke3 Nf4 46. Rb1 g2
47. Kf3 d4 48. b7 d3 49. Kf2 Bb8 50. Ra1 Ke6 51. Ra8 d2 52. Ra1 Nd3+ 0-1

[Event "Plzen, FSB A"]
[Site "?"]
[Date "2000.??.??"]
[Round "4"]
[White "Brousek, J."]
[Black "Novak, P."]
[Result "1-0"]
[WhiteElo "2050"]
[BlackElo "2235"]
[PlyCount "81"]
[EventDate "2000.??.??"]
[Source "ChessBase"]
[SourceDate "1996.11.15"]

1. d4 Nf6 2. Nf3 g6 3. Bg5 Bg7 4. Nbd2 O-O 5. e4 c6 6. c3 d6 7. Be2 Nbd7 8. Qc2
Qc7 9. O-O a5 10. a4 Nb6 11. h3 h6 12. Be3 Be6 13. Rfe1 Nfd7 14. Bd3 d5 15.
exd5 Nxd5 16. Nf1 Nxe3 17. Rxe3 g5 18. Ng3 Nf6 19. Qe2 Qc8 20. c4 Re8 21. Ne5
Nd7 22. Nh5 Bxe5 23. dxe5 Nc5 24. Bc2 Rd8 25. Rd1 Rxd1+ 26. Qxd1 Qd8 27. Qe2
Qd4 28. Rc3 Rd8 29. Ng3 Qf4 30. Qh5 Kg7 31. Qe2 Qc1+ 32. Kh2 Rd2 33. Nh5+ Kf8
34. Qe3 b6 35. Bh7 Qd1 36. Ng3 Rd8 37. Bc2 Qd2 38. Qf3 Rd4 39. Qxc6 Qxf2 40.
Qa8+ Kg7 41. Nh5# 1-0

[Event "Plzen, FSB A"]
[Site "?"]
[Date "2000.??.??"]
[Round "4"]
[White "Spal, M."]
[Black "Balin, J."]
[Result "1/2-1/2"]
[WhiteElo "2235"]
[BlackElo "2070"]
[PlyCount "21"]
[EventDate "2000.??.??"]
[Source "ChessBase"]
[SourceDate "1996.11.15"]

1. e4 e6 2. d3 d5 3. Qe2 Be7 4. Nf3 Nf6 5. g3 O-O 6. e5 Nfd7 7. Bg2 c5 8. O-O
Nc6 9. c4 Nb6 10. b3 f5 11. exf6 1/2-1/2

[Event "Plzen, FSB A"]
[Site "?"]
[Date "2000.??.??"]
[Round "4"]
[White "Mikuev, E."]
[Black "Houska, B."]
[Result "1-0"]
[WhiteElo "2225"]
[BlackElo "1960"]
[PlyCount "61"]
[EventDate "2000.??.??"]
[Source "ChessBase"]
[SourceDate "1996.11.15"]

1. e4 d6 2. Nf3 Nf6 3. Nc3 g6 4. Bc4 Bg7 5. d3 O-O 6. h3 c6 7. O-O b5 8. Bb3 a5
9. a3 Qc7 10. d4 Ba6 11. Re1 Nfd7 12. Bg5 Re8 13. Qd2 e5 14. Rad1 exd4 15. Nxd4
b4 16. axb4 axb4 17. Nb1 c5 18. Nf3 c4 19. Ba4 Bb7 20. Qxb4 Bxe4 21. Na3 Na6
22. Qxd6 Bxf3 23. Rxe8+ Rxe8 24. Qxc7 Nxc7 25. gxf3 Re5 26. f4 Rxg5+ 27. fxg5
Nb6 28. Rd8+ Bf8 29. Bb5 Kg7 30. Nxc4 Be7 31. Rb8 1-0

[Event "Plzen, FSB A"]
[Site "?"]
[Date "2000.??.??"]
[Round "4"]
[White "de Jong, J."]
[Black "Palek, M."]
[Result "1/2-1/2"]
[WhiteElo "2135"]
[BlackElo "2225"]
[PlyCount "158"]
[EventDate "2000.??.??"]
[Source "ChessBase"]
[SourceDate "1996.11.15"]

1. d4 Nf6 2. c4 c5 3. d5 e5 4. Nc3 d6 5. e4 Be7 6. Bd3 Nbd7 7. Nge2 Nf8 8. h3
h5 9. Be3 Ng6 10. g3 h4 11. g4 Bd7 12. Qd2 Nh7 13. Nc1 Bg5 14. Kd1 Qf6 15. Be2
Bxe3 16. fxe3 Qf2 17. Nd3 Qg2 18. Kc2 Ng5 19. Rag1 Qxg1 20. Rxg1 Nxh3 21. Rh1
Ng5 22. Ne1 Ke7 23. Nf3 f6 24. Qe1 Nxf3 25. Bxf3 Rh7 26. Ne2 b6 27. Ng3 Rah8
28. Nf5+ Bxf5 29. exf5 Nf8 30. Be4 Nd7 31. Rh3 Kd8 32. Qg1 Ke7 33. a3 Rc8 34.
Kd3 Rch8 35. Qe1 Kd8 36. Ke2 Ke7 37. Qd1 a6 38. Qa4 Nb8 39. b4 Rc8 40. bxc5
Rxc5 41. Bd3 Ra5 42. Qb4 Nd7 43. g5 Rc5 44. g6 Rh6 45. e4 Rc8 46. Ke3 Rb8 47.
Qe1 Rbh8 48. Bc2 Kd8 49. Ba4 Nc5 50. Bc6 Kc7 51. Qb1 Rh5 52. Kf3 Rb8 53. a4
Rbh8 54. Qh1 Nd3 55. Be8 Rxe8 56. Rxh4 Rxh4 57. Qxh4 Nc5 58. Qh7 Re7 59. Qg8
Kb7 60. a5 bxa5 61. Qd8 Rc7 62. Qxd6 a4 63. Qd8 a3 64. d6 Rd7 65. Qa5 a2 66.
Qxa2 Rxd6 67. Qb2+ Kc7 68. Qb4 Rd3+ 69. Ke2 Kc6 70. Qb8 Rd7 71. Qc8+ Rc7 72.
Qf8 Kb6 73. Qb8+ Nb7 74. Kd3 a5 75. Kc3 Rd7 76. Qa8 Nc5 77. Qb8+ Nb7 78. Qa8
Rc7 79. Qb8 Rc6 1/2-1/2

[Event "Plzen, FSB A"]
[Site "?"]
[Date "2000.??.??"]
[Round "4"]
[White "Brasser, P."]
[Black "Dvorak, T."]
[Result "1/2-1/2"]
[WhiteElo "1960"]
[BlackElo "2220"]
[PlyCount "54"]
[EventDate "2000.??.??"]
[Source "ChessBase"]
[SourceDate "1996.11.15"]

1. e4 c5 2. Nf3 d6 3. d4 cxd4 4. Nxd4 Nf6 5. Nc3 a6 6. Be2 e5 7. Nb3 Be7 8. O-O
O-O 9. f4 exf4 10. Bxf4 Nc6 11. Qe1 Ne5 12. Rd1 Qc7 13. Qg3 Be6 14. Nd4 Qb6 15.
Kh1 Kh8 16. Nxe6 fxe6 17. Bxe5 dxe5 18. Qxe5 Qxb2 19. Rb1 Qxc2 20. Rfc1 Qd2 21.
Rd1 Qe3 22. Rxb7 Rac8 23. Rxe7 Rxc3 24. Qg3 Qxg3 25. hxg3 Nxe4 26. Kh2 Nxg3 27.
Bxa6 Rc6 1/2-1/2

[Event "Plzen, FSB A"]
[Site "?"]
[Date "2000.??.??"]
[Round "4"]
[White "Orsag, M."]
[Black "Straka, Z."]
[Result "1-0"]
[WhiteElo "2205"]
[BlackElo "1890"]
[PlyCount "107"]
[EventDate "2000.??.??"]
[Source "ChessBase"]
[SourceDate "1996.11.15"]

1. e4 e6 2. Nc3 d5 3. g3 d4 4. Nce2 b6 5. d3 c5 6. Bg2 Bb7 7. f4 Nc6 8. Nf3 Qc7
9. O-O Nf6 10. h3 Be7 11. g4 h6 12. Ng3 O-O-O 13. a4 a5 14. Ne5 Rdf8 15. Nc4
Nd7 16. e5 f5 17. exf6 gxf6 18. Qe2 Nd8 19. Bxb7+ Kxb7 20. Bd2 Rfg8 21. Kh2 Bf8
22. c3 e5 23. fxe5 fxe5 24. Rf5 Bd6 25. Ne4 Be7 26. Raf1 Ka7 27. Be1 h5 28.
gxh5 Rg7 29. Bg3 Nc6 30. Rf7 Rhg8 31. R1f3 Ka6 32. h6 Rxf7 33. Rxf7 Qd8 34. h7
Rh8 35. Qh5 Qe8 36. Qf5 Nd8 37. Ncd6 Bxd6 38. Nxd6 Qe6 39. Qxe6 Nxe6 40. Rxd7
Ng5 41. h4 Rxh7 42. Rxh7 Nxh7 43. Bxe5 dxc3 44. bxc3 Nf8 45. h5 Ka7 46. Kg3 Kb8
47. Kg4 Kc7 48. Kf5 Kd7 49. h6 Nh7 50. c4 Nf8 51. Ne4 Ke7 52. Bd6+ Kf7 53. Bxf8
Kxf8 54. Kg6 1-0

[Event "Plzen, FSB A"]
[Site "?"]
[Date "2000.??.??"]
[Round "4"]
[White "Hrbolka sr., L."]
[Black "Houska, J."]
[Result "1/2-1/2"]
[WhiteElo "2205"]
[BlackElo "1840"]
[PlyCount "40"]
[EventDate "2000.??.??"]
[Source "ChessBase"]
[SourceDate "1996.11.15"]

1. d4 Nf6 2. c4 c5 3. d5 b5 4. cxb5 a6 5. b6 a5 6. g3 d6 7. Bg2 Nbd7 8. Nc3 g6
9. Nf3 Bg7 10. O-O O-O 11. h3 Nxb6 12. e4 Nfd7 13. Re1 Ba6 14. Qc2 Qc7 15. Bg5
h6 16. Bf4 g5 17. Be3 Nc4 18. Bc1 Nce5 19. Be3 Nc4 20. Bc1 Nce5 1/2-1/2

[Event "Plzen, FSB A"]
[Site "?"]
[Date "2000.??.??"]
[Round "4"]
[White "Bartos, J."]
[Black "Zeleny, T."]
[Result "1/2-1/2"]
[WhiteElo "2175"]
[BlackElo "1785"]
[PlyCount "48"]
[EventDate "2000.??.??"]
[Source "ChessBase"]
[SourceDate "1996.11.15"]

1. d4 Nf6 2. c4 g6 3. Nc3 Bg7 4. e4 d6 5. Nf3 O-O 6. Be2 e5 7. dxe5 dxe5 8.
Qxd8 Rxd8 9. Bg5 Re8 10. Nd5 Nxd5 11. cxd5 c6 12. Bc4 cxd5 13. Bxd5 Nd7 14. O-O
Nf6 15. Nd2 Nxd5 16. exd5 h6 17. Be3 Rd8 18. Nb1 b6 19. Nc3 Bb7 20. Rad1 Rd7
21. Rd2 Rad8 22. f3 f5 23. Kh1 Bf8 24. h3 Kg7 1/2-1/2

[Event "Plzen, FSB A"]
[Site "?"]
[Date "2000.??.??"]
[Round "4"]
[White "Epitashvili, K."]
[Black "Juptner, J."]
[Result "1-0"]
[WhiteElo "2100"]
[BlackElo "2170"]
[PlyCount "126"]
[EventDate "2000.??.??"]
[Source "ChessBase"]
[SourceDate "1996.11.15"]

1. d4 d5 2. c4 dxc4 3. e3 Nf6 4. Bxc4 e6 5. Nf3 a6 6. a4 c5 7. O-O Qc7 8. Qe2
Nc6 9. Nc3 Be7 10. Rd1 O-O 11. b3 Bd7 12. Ba3 cxd4 13. Bxe7 Nxe7 14. exd4 Bc6
15. Ne5 Bd5 16. Nxd5 Nexd5 17. Rac1 Rac8 18. Qb2 Qd6 19. Bf1 Rxc1 20. Rxc1 Rd8
21. Qe2 Qb4 22. Qc4 Qd2 23. Nf3 Qf4 24. Qc8 Rf8 25. Rc2 Qe4 26. Qc4 a5 27. Qe2
Rd8 28. Qxe4 Nxe4 29. Bd3 Nd6 30. Rc5 b6 31. Rc1 f6 32. Kf1 Kf7 33. g3 h6 34.
Rc6 Ne8 35. Be4 Nec7 36. Ke2 Ke7 37. Rc4 g5 38. h3 Kd7 39. Nd2 Nb4 40. Nb1 Ncd5
41. Nc3 Kd6 42. Nb5+ Kd7 43. Nc3 Nxc3+ 44. Rxc3 Rc8 45. Rxc8 Kxc8 46. Kd2 Kd7
47. Kc3 Na6 48. Kc4 Nc7 49. Bf3 Kd6 50. g4 e5 51. d5 Ne8 52. Be4 Kc7 53. Kd3 b5
54. axb5 Kb6 55. Bf5 Nd6 56. Bd7 Kc5 57. Bc6 Nxb5 58. Bxb5 Kxb5 59. d6 Kc6 60.
Kc4 a4 61. bxa4 Kxd6 62. a5 Kc6 63. a6 Kb6 1-0

[Event "Plzen, FSB A"]
[Site "?"]
[Date "2000.??.??"]
[Round "4"]
[White "Hejberg, C."]
[Black "Mazakova, P."]
[Result "1/2-1/2"]
[WhiteElo "2115"]
[BlackElo "2315"]
[PlyCount "59"]
[EventDate "2000.??.??"]
[Source "ChessBase"]
[SourceDate "1996.11.15"]

1. d4 Nf6 2. c4 g6 3. Nc3 d5 4. Nf3 Bg7 5. Bg5 Ne4 6. cxd5 Nxg5 7. Nxg5 e6 8.
Qd2 exd5 9. Qe3+ Kf8 10. Qf4 Bf6 11. h4 h6 12. Nf3 Be6 13. Ne5 c6 14. e4 Kg7
15. exd5 Bxd5 16. O-O-O Na6 17. Nxd5 cxd5 18. Bxa6 bxa6 19. Kb1 Rc8 20. g4 Rf8
21. Qg3 Be7 22. f4 f6 23. Nd3 Qb6 24. f5 Bd6 25. Nf4 Bxf4 26. Qxf4 Rfe8 27.
Rhe1 Qb4 28. Rxe8 Rxe8 29. Rc1 Re1 30. Qc7+ 1/2-1/2

[Event "Plzen, FSB A"]
[Site "?"]
[Date "2000.??.??"]
[Round "4"]
[White "Svub, J."]
[Black "Hlavnicka, J."]
[Result "1/2-1/2"]
[WhiteElo "2110"]
[BlackElo "2305"]
[PlyCount "88"]
[EventDate "2000.??.??"]
[Source "ChessBase"]
[SourceDate "1996.11.15"]

1. d4 Nf6 2. Nf3 c5 3. e3 g6 4. Bd3 Bg7 5. O-O O-O 6. c3 d5 7. Nbd2 Nfd7 8. e4
cxd4 9. cxd4 dxe4 10. Nxe4 Nb6 11. Be3 Nc6 12. Bb5 Nb4 13. Qb3 N4d5 14. Rfd1
Nxe3 15. Qxe3 Nd5 16. Qb3 Nf6 17. Nc3 Qd6 18. h3 Rd8 19. Bc4 Rf8 20. Re1 e6 21.
Rad1 a6 22. a4 Qc7 23. d5 exd5 24. Nxd5 Nxd5 25. Bxd5 Rb8 26. Ng5 Bf6 27. Rc1
Qf4 28. Nxf7 Kg7 29. g3 Qd2 30. Nd6 Bxh3 31. Rc7+ Kh8 32. Rd1 Qa5 33. Rxb7 Rxb7
34. Qxb7 Qxa4 35. Bb3 Qd7 36. Nf7+ Rxf7 37. Rxd7 Rxd7 38. Qc8+ Kg7 39. Kh2 Bf5
40. Qg8+ Kh6 41. Be6 Rd2 42. Qf8+ Bg7 43. Qb4 Rd4 44. Qe1 Bf6 1/2-1/2

[Event "Plzen, FSB A"]
[Site "?"]
[Date "2000.??.??"]
[Round "4"]
[White "Korenova, M."]
[Black "Gutdeutsch, O."]
[Result "1/2-1/2"]
[WhiteElo "2265"]
[BlackElo "2115"]
[PlyCount "107"]
[EventDate "2000.??.??"]
[Source "ChessBase"]
[SourceDate "1996.11.15"]

1. e4 e5 2. Nf3 Nc6 3. Bc4 Bc5 4. c3 Qe7 5. b4 Bb6 6. O-O d6 7. a4 a6 8. Na3 h6
9. d3 Nf6 10. Bb3 Bg4 11. Nc4 Ba7 12. Be3 Qd7 13. b5 Ne7 14. bxa6 bxa6 15. a5
O-O 16. Ba4 Qe6 17. Qe2 Ng6 18. Bxa7 Nh4 19. Ncd2 Rxa7 20. Qe3 Bxf3 21. Nxf3
Nxf3+ 22. Qxf3 Rb7 23. Rfb1 Rfb8 24. Qd1 Qg4 25. Qc2 Rxb1+ 26. Rxb1 Rxb1+ 27.
Qxb1 Qe2 28. h3 Qd2 29. Qc2 Qe1+ 30. Kh2 g5 31. g3 Kg7 32. Kg2 Qa1 33. Qb3 Qe1
34. Qc4 g4 35. h4 d5 36. Qxc7 dxe4 37. Qxe5 Qe2 38. dxe4 Qf3+ 39. Kg1 Qxe4 40.
Qxe4 Nxe4 41. Bc2 Nc5 42. Kf1 Kf6 43. Ke2 Ke5 44. Ke3 f6 45. Bd1 f5 46. Be2 Nb7
47. Bxa6 Nxa5 48. Kd3 Nb3 49. Kc4 Nd2+ 50. Kb5 Ne4 51. c4 Kd4 52. Kb6 Nc5 53.
Bb5 Ne4 54. Ba6 1/2-1/2

[Event "Plzen, FSB A"]
[Site "?"]
[Date "2000.??.??"]
[Round "4"]
[White "Bujnoch, R."]
[Black "Ionescu, A."]
[Result "0-1"]
[WhiteElo "2100"]
[BlackElo "2255"]
[PlyCount "78"]
[EventDate "2000.??.??"]
[Source "ChessBase"]
[SourceDate "1996.11.15"]

1. e4 c5 2. Nf3 g6 3. d4 Bg7 4. Nc3 cxd4 5. Nxd4 Nc6 6. Be3 Nf6 7. Bc4 Qa5 8.
O-O O-O 9. Nb3 Qd8 10. f4 d6 11. h3 Bd7 12. Be2 a5 13. a4 Nb4 14. Bd4 Be6 15.
g4 Qc8 16. g5 Ne8 17. Bxg7 Nxg7 18. Bg4 Ra6 19. Rf2 Rd8 20. Qf3 d5 21. exd5
Nxd5 22. Bxe6 fxe6 23. Nxd5 Rxd5 24. Rd1 Rad6 25. Rxd5 Rxd5 26. Qe4 Nf5 27. Kh2
b6 28. Re2 Kf7 29. c3 Qd7 30. Kg2 Qd6 31. c4 Rd3 32. c5 bxc5 33. Nxa5 Ng3 34.
Nc4 Nxe4 35. Nxd6+ Nxd6 36. a5 Rd4 37. b3 Rb4 38. a6 Rxb3 39. Ra2 Rb8 0-1

[Event "Plzen, FSB A"]
[Site "?"]
[Date "2000.??.??"]
[Round "4"]
[White "Kozak, M."]
[Black "Ziabari, M."]
[Result "1/2-1/2"]
[WhiteElo "2245"]
[BlackElo "2070"]
[PlyCount "33"]
[EventDate "2000.??.??"]
[Source "ChessBase"]
[SourceDate "1996.11.15"]

1. d4 d5 2. c4 e6 3. Nc3 Nf6 4. Bg5 c6 5. Nf3 Nbd7 6. cxd5 exd5 7. e3 Qa5 8.
Bd3 Bb4 9. Qc2 h6 10. Bh4 O-O 11. O-O Re8 12. Rfc1 Bxc3 13. bxc3 Ne4 14. c4
Ndf6 15. Rab1 dxc4 16. Bxc4 Bf5 17. Bxf6 1/2-1/2

[Event "Plzen, FSB A"]
[Site "?"]
[Date "2000.??.??"]
[Round "4"]
[White "Trmota, Z."]
[Black "Kracik, D."]
[Result "1-0"]
[WhiteElo "2240"]
[BlackElo "2045"]
[PlyCount "85"]
[EventDate "2000.??.??"]
[Source "ChessBase"]
[SourceDate "1996.11.15"]

1. d4 d5 2. Nf3 e6 3. c4 c5 4. cxd5 exd5 5. Nc3 Be6 6. g3 Nc6 7. Bg2 Nf6 8. O-O
cxd4 9. Nxd4 Bc5 10. Nxe6 fxe6 11. Bg5 h6 12. Bd2 O-O 13. Rc1 Bb6 14. Na4 Rc8
15. e3 Ba5 16. Nc5 Qe7 17. Nd3 Bxd2 18. Qxd2 Qf7 19. Rc2 Ne4 20. Qe2 Nd6 21.
Rfc1 a6 22. b3 Qg6 23. Nf4 Qf6 24. Bh3 Rce8 25. Nd3 Ne4 26. Bg2 Nd6 27. Nc5 Rf7
28. Nxb7 Nxb7 29. Rxc6 a5 30. Bxd5 Nd8 31. Ra6 Ref8 32. f4 Qe7 33. Bg2 e5 34.
Bd5 exf4 35. gxf4 Kh8 36. Bxf7 Qxf7 37. Rxa5 Qg6+ 38. Qg2 Qb6 39. Re5 Nf7 40.
Re4 Nd6 41. Kh1 Nxe4 42. Qxe4 Qa6 43. Qg2 1-0

[Event "Plzen, FSB A"]
[Site "?"]
[Date "2000.??.??"]
[Round "4"]
[White "Skacel, J."]
[Black "Gschwendtner, S."]
[Result "1-0"]
[WhiteElo "2030"]
[BlackElo "2185"]
[PlyCount "41"]
[EventDate "2000.??.??"]
[Source "ChessBase"]
[SourceDate "1996.11.15"]

1. d4 Nf6 2. c4 g6 3. Nc3 d5 4. Bf4 Bg7 5. e3 c5 6. cxd5 cxd4 7. Qxd4 O-O 8.
Qd2 Nbd7 9. Bc4 Nc5 10. f3 Nh5 11. Bg5 h6 12. Bh4 g5 13. Bf2 Qc7 14. Rc1 g4 15.
Nge2 gxf3 16. gxf3 e5 17. e4 Bh3 18. Rg1 Nf4 19. d6 Qa5 20. Nxf4 exf4 21. Qd4
1-0

[Event "Plzen, FSB A"]
[Site "?"]
[Date "2000.??.??"]
[Round "4"]
[White "Bujak, M."]
[Black "Pliva, V."]
[Result "1/2-1/2"]
[WhiteElo "1990"]
[BlackElo "2170"]
[PlyCount "38"]
[EventDate "2000.??.??"]
[Source "ChessBase"]
[SourceDate "1996.11.15"]

1. e4 e5 2. Nf3 Nc6 3. d4 exd4 4. Bc4 Bc5 5. c3 Nf6 6. cxd4 Bb4+ 7. Bd2 Nxe4 8.
Bxb4 Nxb4 9. Qb3 d5 10. Qxb4 dxc4 11. O-O Qd5 12. Re1 Be6 13. Nc3 Nxc3 14. bxc3
O-O-O 15. Re5 Qd6 16. Qa4 a6 17. Rc5 Bd5 18. Ne5 Rhe8 19. Nxc4 Bxc4 1/2-1/2

[Event "Plzen, FSB A"]
[Site "?"]
[Date "2000.??.??"]
[Round "4"]
[White "Smistik, M."]
[Black "Chalupecky, V."]
[Result "1-0"]
[WhiteElo "2165"]
[BlackElo "1970"]
[PlyCount "104"]
[EventDate "2000.??.??"]
[Source "ChessBase"]
[SourceDate "1996.11.15"]

1. e4 e5 2. Nf3 Nc6 3. Bb5 d6 4. d4 Bd7 5. O-O Nxd4 6. Bxd7+ Qxd7 7. Nxd4 exd4
8. Qxd4 Ne7 9. c4 Nc6 10. Qc3 f6 11. b4 Be7 12. b5 Nd8 13. Be3 O-O 14. f4 f5
15. Nd2 Ne6 16. Rad1 a6 17. a4 axb5 18. axb5 c6 19. bxc6 Qxc6 20. Qd3 Nc5 21.
Qd5+ Qxd5 22. exd5 Rfc8 23. Rb1 Rab8 24. Bd4 Kf7 25. Rb6 Nd7 26. Rb4 Bf6 27.
Nf3 Nc5 28. Rfb1 Bxd4+ 29. Nxd4 g6 30. Rb6 Ra8 31. Nb5 Ne4 32. Nxd6+ Nxd6 33.
Rxd6 Rc7 34. Rdb6 Kg8 35. R6b4 Rac8 36. Rc1 b5 37. Rxb5 Rxc4 38. Rxc4 Rxc4 39.
g3 Rc2 40. Rb8+ Kg7 41. Rb7+ Kh6 42. d6 Rd2 43. d7 g5 44. Kf1 gxf4 45. Ke1 Rd5
46. gxf4 Kh5 47. Kf2 Kg4 48. Ke3 h5 49. Ra7 h4 50. Rb7 Kh3 51. Ra7 Kxh2 52.
Ra2+ Kg3 1-0